Corona di rose a santa Rita da Cascia agostiniana. (Record n. 35628)
[ formato base ]
| 000 -LEADER | |
|---|---|
| fixed length control field | 00629nam a2200193 i 4500 |
| 003 - CONTROL NUMBER IDENTIFIER | |
| control field | IT-RoINE |
| 005 - DATE AND TIME OF LATEST TRANSACTION | |
| control field | 20201210100544.0 |
| 008 - FIXED-LENGTH DATA ELEMENTS--GENERAL INFORMATION | |
| fixed length control field | 060627s1939 it |||||r ||||||dita|d |
| 040 ## - CATALOGING SOURCE | |
| Transcribing agency | IT-RoINE |
| Modifying agency | IT-RoINE |
| 245 00 - TITLE STATEMENT | |
| Title | Corona di rose a santa Rita da Cascia agostiniana. |
| 250 ## - EDITION STATEMENT | |
| Edition statement | Nuova ed. con I quindici giovedi ed altre preghiere. |
| 260 ## - PUBLICATION, DISTRIBUTION, ETC. (IMPRINT) | |
| Place of publication, distribution, etc | Vicenza : |
| Name of publisher, distributor, etc | Favero, |
| Date of publication, distribution, etc | [1939] |
| 300 ## - PHYSICAL DESCRIPTION | |
| Extent | 286 p. ; |
| Dimensions | 14 cm. |
| 336 ## - CONTENT TYPE | |
| Source | rdacontent |
| Content type term | text |
| 337 ## - MEDIA TYPE | |
| Source | rdamedia |
| Media type term | unmediated |
| 338 ## - CARRIER TYPE | |
| Source | rdacarrier |
| Carrier type term | volume |
| 600 04 - SUBJECT ADDED ENTRY--PERSONAL NAME | |
| 9 (RLIN) | 68954 |
| Personal name | Rita de Casia, |
| Titles and other words associated with a name | Santa, |
| Dates associated with a name | ca. 1381-1457 |
| General subdivision | Libros de oraciones y devocionarios |
| 942 ## - ADDED ENTRY ELEMENTS (KOHA) | |
| Item type | Monografías |
| Withdrawn status | Lost status | Damaged status | Not for loan | Home library | Current library | Date acquired | Total Checkouts | Full call number | Barcode | Date last seen | Price effective from | Koha item type |
|---|---|---|---|---|---|---|---|---|---|---|---|---|
| Iglesia Nacional Española en Roma | Iglesia Nacional Española en Roma | 10/12/2020 | DEV.NOV 273 | NOV-2450 | 10/12/2020 | 10/12/2020 | Monografías |